01013 2200325 4500001002100000005001500021035002000036007000300056008004100059020002200100082001500122084001700137100003500154245009500189250003100284300004700315650002500362700002900387700003400416504003100450264003200481336002100513337003000534338002300564040002200587090002200609850001200631999002200643990002200665INLIS00000000088247220231011084032 a0010-1023000254ta200716s2023 yoia g 0 ind d a978-623-02-6781-904223a630.71 a630.71 MOH i0 aMohamad Ikbal BahuaePengarang10aInovasi disruptif penyuluhan pertanian di era revolusi industri 4.0 /cMohamad Ikbal Bahua aCetakan pertama: Juni 2023 aviii, 78 halaman :btabel, gambar ;c23 cm 4aPenyuluhan pertanian0 aAbdul MutolibePengarang0 aRagil Ayu MangestiePengarang aBibliografi: halaman 73-7631aSleman :bDeepublish,c2023 2rdacontentateks 2rdamediaatanpa perantara 2rdacarrieravolume aYOPDYOGbinderda aCB-D.11 2023-2411 aYOPDYOG aCB-D.11/2023-2411 aCB-D.11/2023-2411